| 000 | 00897cam a22001935a 4500 | ||
|---|---|---|---|
| 001 | L156607 | ||
| 008 | 120612e19951113xxk f 000 0 eng d | ||
| 035 | _a(Sirsi) u156607 | ||
| 041 | 0 | _aeng | |
| 110 | 2 |
_aSociety of Surveying Technicians _93045 |
|
| 245 | 0 | 2 |
_aA merger _bdeclaration of intent |
| 260 |
_a[S.l.] _bSST _bISEWO _c1995 |
||
| 300 |
_a1 sheet _c30 x 42 cm., folded to 30 x 21 cm. |
||
| 520 | _aDocument dated 13 November 1995 implementing the merger between the Society of Surveying Technicians (SST) and the Incorporated Society of Estates and Wayleaves Officers. The document is signed by the Presidents of both organisations, and the merger was to be effective from 1 January 1996. The SST subsequently joined RICS in 1998. | ||
| 651 | 4 |
_aUnited Kingdom _y |
|
| 690 | _aBusiness and management | ||
| 710 | 1 | _aIncorporated Society of Estates and Wayleaves Officers | |
| 942 | _n0 | ||
| 999 |
_c114317 _d114317 |
||